| 000 | 01029nam a2200265Ia 4500 | ||
|---|---|---|---|
| 003 | OSt | ||
| 005 | 20221005111807.0 | ||
| 006 | a|||||r|||| 00| 0 | ||
| 007 | ta | ||
| 008 | 221004b |||||||| |||| 00| 0 hin d | ||
| 020 |
_a9788191063325 (hbk) _c175 |
||
| 024 | _a21847 | ||
| 037 |
_b285, 11/03/2015, Eastern Book Linkers _cTextual |
||
| 040 |
_aCRL _cCRL _bhin |
||
| 041 |
_2hin _ahin |
||
| 082 | _aQ31:213, 152Q3 | ||
| 100 |
_aअतुल कुमार प्रसाद सिंह, संपा. _9162868 |
||
| 245 | 0 | _aतित्थोगाली प्रकीर्णक | |
| 246 | _aTitthogālī prakīrṇaka | ||
| 260 |
_aराजस्थान _bजैन विश्वभारती संस्थान भारत _c2012 |
||
| 300 |
_a291पृ0 _ccm. |
||
| 650 | _aधर्म | ||
| 942 |
_hQ31:213, 152Q3 _cTEXL _2cc |
||
| 999 |
_c1022922 _d1022922 |
||